00354nam a2200085 a 450000500170000000800410001705000220005824501400008065000480022020140414093834.0030611s19uu xx 00 eng d aCDR 004bCHR 1998 aChristian desktop :b12 inspirational thematics collections of christian screensavers, icons,sounds,daily verses, wallpaper and model. aDesktop publishing windowsxcomputer files.